Sanitation-ecological measures and their effect on slimness coefficient of spruce plantations (Picea abies) in the village Nálepkovo

Bibliographic Details
Main Authors: Antoni, Jozef, 1927- (Author), Žarnovičan, Hubert (Author)
Format: Article
Language:Slovak
English
PhysicalDescription:Tab.
Subjects:

MARC

LEADER 00000nab a2200000 a 4500
001 vtls008771201
003 SK-MaSNL
005 20260304145738.0
008 250505c2005 xo |||||||||||000 b|slo
015 |a SNBRB2006/06  |2 snkbucl 
035 |a (uuid)55fd77c1-f297-4ce1-8ac2-021e744ce83d 
035 |a urn:nbn:sk:snk-ab9y5z 
035 |a (urnnbn)urn:nbn:sk:snk:ar-a0949p 
038 |a SNKBUCL 
040 |a SNKBUCL  |b slo  |c SNKBUCL  |e AACR2 
041 0 |a eng  |b eng  |b slo 
044 |a xo  |c SK 
080 |a 630*1:631.8  |x (437.6)  |2 1997 
080 |a 504.54  |x (437.6)  |2 1997 
080 |a 631.8  |x (437.6)  |2 1997 
100 1 |a Antoni, Jozef,  |d 1927-  |4 aut  |9 231481 
245 1 0 |a Sanitation-ecological measures and their effect on slimness coefficient of spruce plantations (Picea abies) in the village Nálepkovo  |c Jozef Antoni, Hubert Žarnovičan 
300 |b Tab. 
504 |a Bibliogr. odkazy 
546 |a Res. angl., slov. 
650 0 7 |a smrek obyčajný  |2 snkbucl  |9 20895 
650 0 7 |a porasty  |2 snkbucl  |9 590197 
650 0 7 |a vápnenie pôdy  |2 snkbucl  |9 70850 
650 0 7 |a hnojenie  |2 snkbucl  |9 14850 
700 1 |a Žarnovičan, Hubert  |4 aut  |9 70248 
773 0 |t Ekológia = Ecology  |g Vol. 24, No. 2 (2005), s. 147-151 
850 |a Slovenská národná knižnica 
852 |a Slovenská národná knižnica 
958 |a article13 
958 |a OND 
958 |a NB 
958 |a EUIPO 
999 |c 2936699  |d 2938629